| 000 | 00890nam a22002417a 4500 | ||
|---|---|---|---|
| 999 |
_c7404 _d7404 |
||
| 003 | AR-CdUCM | ||
| 008 | 190320b ||||| |||| 00| 0 eng d | ||
| 020 | _a0-201-08090-7 | ||
| 040 |
_aMUNICIPALIDAD PROVINCIAL DEL CUSCO _cBIBLIOTECA MUNICIPAL DEL CUSCO |
||
| 082 |
_24ed. _a620.1 / _bV28 |
||
| 100 |
_aVan Vlack, Lawrence H. _920879 |
||
| 245 | _aElements of materials science and Engineering / | ||
| 260 |
_aMassachusetts : _bAddison-Wesley publishiny, _c1980. |
||
| 300 |
_aXVII, 557 páginas ; _bilustraciones, figuras, esquemas, _c24 cm. |
||
| 500 | _aTexto en ingles. | ||
| 505 | _aContenido:Introduction to materials -- Atomic order in solids -- Atomic disorder in solids -- Electron transport in solids ... | ||
| 650 |
_aIngenieria _910043 |
||
| 650 |
_aElectrones _920880 |
||
| 650 |
_aMetales _919188 |
||
| 650 |
_aCorrosión _920881 |
||
| 942 |
_2ddc _cLIBROS |
||
| 945 | _aachl | ||